000 00636nam a2200229 a 4500
001 21380
003 UkOxU
005 20211209000658.0
008 140304s1966 uk 000 0 eng d
035 _a(BD-RjUL)21444
040 _aBD-RjUL
_beng
_cBD-RjUL
041 _aeng
082 _a330.9
_218
082 0 4 _a330.9
_218
_bCHG 1966
100 1 _aChisholm, Michael,
_d1931-
_911080
245 1 0 _aGeography and economics /
_cMichael Chisholm
260 _aLondon :
_bBell,
_c1966
300 _a230 p.,
_b ill.,
_c23 cm
650 0 _aEconomic geography
_97860
830 0 _aBell's advanced economic geographies
_966083
942 _2ddc
_cBK
999 _c21380
_d21380